Arşiv belgeleri ışığında Dâhiliye Nezâreti tarihi / (Record no. 200431513)

MARC details
000 -LEADER
fixed length control field 01457cam a2200409 i 4500
001 - CONTROL NUMBER
control field 200431513
003 - CONTROL NUMBER IDENTIFIER
control field TR-AnTOB
005 - DATE AND TIME OF LATEST TRANSACTION
control field 20251209095935.0
007 - PHYSICAL DESCRIPTION FIXED FIELD--GENERAL INFORMATION
fixed length control field ta
008 - FIXED-LENGTH DATA ELEMENTS--GENERAL INFORMATION
fixed length control field 160711s2015 tu ah b 001 0dtur d
010 ## - LIBRARY OF CONGRESS CONTROL NUMBER
LC control number 2015346753
020 ## - INTERNATIONAL STANDARD BOOK NUMBER
International Standard Book Number 9786056408700
Qualifying information hardback
035 ## - SYSTEM CONTROL NUMBER
System control number (OCoLC)ocn944243035
040 ## - CATALOGING SOURCE
Original cataloging agency EYM
Language of cataloging eng
Description conventions rda
Transcribing agency EYM
Modifying agency DLC
-- TR-AnTOB
041 0# - LANGUAGE CODE
Language code of text/sound track or separate title Türkçe
042 ## - AUTHENTICATION CODE
Authentication code lccopycat
-- lcode
043 ## - GEOGRAPHIC AREA CODE
Geographic area code a-tu---
050 00 - LIBRARY OF CONGRESS CALL NUMBER
Classification number JQ1806.Z3
090 ## - LOCALLY ASSIGNED LC-TYPE CALL NUMBER (OCLC); LOCAL CALL NUMBER (RLIN)
Classification number (OCLC) (R) ; Classification number, CALL (RLIN) (NR) JQ1806.Z3
Local cutter number (OCLC) ; Book number/undivided call number, CALL (RLIN) A34 2015
100 1# - MAIN ENTRY--PERSONAL NAME
Personal name Akgündüz, Ahmet,
Dates associated with a name 1955-
Relator term author
9 (RLIN) 150218
245 10 - TITLE STATEMENT
Title Arşiv belgeleri ışığında Dâhiliye Nezâreti tarihi /
Statement of responsibility, etc. Prof. Dr. Ahmed Akgündüz.
246 30 - VARYING FORM OF TITLE
Title proper/short title Dâhiliye Nezâreti tarihi
264 #1 - PRODUCTION, PUBLICATION, DISTRIBUTION, MANUFACTURE, AND COPYRIGHT NOTICE
Place of production, publication, distribution, manufacture Ankara :
Name of producer, publisher, distributor, manufacturer Türk İdari Araştırmalar Vakfı,
Date of production, publication, distribution, manufacture, or copyright notice 2015.
300 ## - PHYSICAL DESCRIPTION
Extent 784 pages :
Other physical details illustrations (some color), facsimiles ;
Dimensions 24 cm
336 ## - CONTENT TYPE
Content type term text
Content type code txt
Source rdacontent
337 ## - MEDIA TYPE
Media type term unmediated
Media type code n
Source rdamedia
338 ## - CARRIER TYPE
Carrier type term volume
Carrier type code nc
Source rdacarrier
504 ## - BIBLIOGRAPHY, ETC. NOTE
Bibliography, etc. note
610 #0 - SUBJECT ADDED ENTRY--CORPORATE NAME
Corporate name or jurisdiction name as entry element Turkey.
Subordinate unit İçişleri Bakanlığı
General subdivision History
9 (RLIN) 122843
Corporate name or jurisdiction name as entry element Türkiye
Subordinate unit Dahiliye Vekâleti
9 (RLIN) 122844
Corporate name or jurisdiction name as entry element Türkiye
Subordinate unit Dahiliye Nezareti
General subdivision Tarih
9 (RLIN) 122846
651 #7 - SUBJECT ADDED ENTRY--GEOGRAPHIC NAME
Geographic name Türkiye
General subdivision Siyaset ve yönetim
-- Tarih
Source of heading or term etuturkob
9 (RLIN) 122847
Geographic name Türkiye
General subdivision Tarih
Chronological subdivision Osmanlı İmparatorluğu, 1288-1918
Source of heading or term etuturkob
9 (RLIN) 55241
942 ## - ADDED ENTRY ELEMENTS (KOHA)
Source of classification or shelving scheme Library of Congress Classification
Koha item type Book
Holdings
Withdrawn status Lost status Source of classification or shelving scheme Damaged status Not for loan Collection code Home library Current library Shelving location Date acquired Source of acquisition Inventory number Total Checkouts Full call number Barcode Date last seen Date shelved Koha item type
    Library of Congress Classification Yeni / New Ödünç Verilebilir / Available Genel Koleksiyon Merkez Kütüphane Merkez Kütüphane Genel Koleksiyon / Main Collection 19/09/2018 TOBB Bağış / TOBB Donation SUİ   JQ1806.Z3 A34 2015 0058564 17/11/2018 27/11/2018 Book
Devinim Yazılım Eğitim Danışmanlık tarafından Koha'nın orjinal sürümü uyarlanarak geliştirilip kurulmuştur.